| 000 | 00508nam a2200169 a 4500 | ||
|---|---|---|---|
| 005 | 20140310183339.0 | ||
| 008 | 061115s19uu xx 00 eng d | ||
| 020 | _a0875849121 | ||
| 050 |
_aHD 30.2 _b.H376 1999 |
||
| 245 | _aHarvard Business Review on the business value of IT (Information Technology) / | ||
| 260 |
_aU.S.A : _bHarvard Business Review Paperback, _c1999. |
||
| 300 |
_a239 p. : _c21 cm. |
||
| 521 | _aBSBA | ||
| 650 | _aInformation technology. | ||
| 942 |
_cBK _2lcc _kFOR |
||
| 999 |
_c21763 _d21763 |
||